000 00880nam a2200265 a 4500
001 BD-DhSAU 4300
003 BD-DhSAU
005 20150216120540.0
008 920508s1991 ii ab b 011 0 eng
020 _a8185375186
040 _aBD-DhSAU
082 0 0 _a574
_222
_bFER
245 0 0 _aRecent advances in plant biology :
_bDr. R.N. Kapil felicitation volume /
_cedited by C.P. Malik, Y.P. Abrol.
260 _aDelhi, India :
_bNarendra Pub. House ,
_c1991.
300 _axxvii, 404 p. :
_bill., maps ;
_c25 cm.
500 _aFestschrift honoring R.N. (Ravinder Nath) Kapil, b. 1929, Indian scientist; contributed articles.
504 _aIncludes index and bibliographical references.
590 _aIMRAN
650 0 _aBotany.
650 0 _aBotany
_xResearch.
700 1 _aKapil, R. N.
700 1 _aMalik, C. P.
700 1 _aAbrol, Y. P.,
740 0 _aPlant biology.
942 _2ddc
_cBOOK
999 _c4300
_d4300